The return of the young prince
| Main Author: | |
|---|---|
| Format: | Book |
| Published: |
London :
Oneworld book ,
2016
|
| Subjects: |
MARC
| LEADER | 00000cam a2200000 7i4500 | ||
|---|---|---|---|
| 001 | 0000211971 | ||
| 005 | 20170310.0 | ||
| 020 | |a 9781780749563 | ||
| 090 | 0 | 0 | |a F |b ROE |
| 100 | 1 | |a Roemmers,A.G. | |
| 245 | 1 | 4 | |a The return of the young prince |c A.G. Roemmers;Illustrated by Pietari Posti;Translated by Oliver Brock |
| 260 | |a London : |b Oneworld book , |c 2016 | ||
| 300 | |a 156p. ; |c 21cm. | ||
| 650 | 0 | |a Fiction | |
| 999 | |a 00338229 |b BUKU |c PINJAMAN |e PERPUSTAKAAN KOMUNITI PETALING JAYA | ||